| 000 | 00785nam a2200229Ia 4500 | ||
|---|---|---|---|
| 003 | BUBTL | ||
| 008 | 151213s9999 xx 000 0 und d | ||
| 041 | _aবাংলা | ||
| 082 | _a346.03/ R1293t/ 2001 | ||
| 100 |
_aরহমান, গাজী শামছুর _95292 |
||
| 245 |
_aটর্ট আইনের ভাষ্য/ _cগাজী শামছুর রহমান |
||
| 250 | _a৩য় সং | ||
| 260 |
_aঢাকা _bমহানগর ‘ল’ বুক সেন্টার। _cc2001 |
||
| 300 |
_a269 p. : _bill. ; 22 cm . |
||
| 526 | _aLaw | ||
| 650 | _aLaw | ||
| 650 | _a | ||
| 700 |
_aগাজী শামছুর রহমান _94214 |
||
| 856 |
_k0 _l0 _yDownload |
||
| 942 |
_2ddc _cBK |
||
| 999 |
_c1528 _d1528 |
||